000 00845nam a2200277 a 4500
001 62248
003 BD-RjUL
005 20211209081047.0
008 170123s1996 enk 001 0 eng d
020 _a0340663073 hbk
020 _a0340614587 pbk
035 _a(BD-RjUL)62374
040 _aBD-RjUL
_beng
_cBD-RjUL
_dBD-RjUL
041 _aeng
082 0 _a801.95
_223
_bNEW 1996
245 0 0 _aNew historicism and cultural materialism :
_ba reader /
_cedited by Kiernan Ryan.
260 _aLondon :
_bArnold,
_c1996.
300 _axviii, 214 p ;
_c25 cm.
504 _aIncludes bibliography (p.183-205) and index.
650 0 _aCriticism.
_9170811
650 0 _aHistoricism.
_9185160
650 0 _aMarxist criticism.
_9185161
650 0 _aMaterialism in literature.
_9185162
700 1 _aRyan, Kiernan,
_d1950-
_9185163
942 _2ddc
_cBK
999 _c62248
_d62248